Экономическая история: учебник для бакалавров

Bibliographische Detailangaben
Körperschaften: Российская экономическая академия им. Г. В. Плеханова (РЭА), Финансовый университет при Правительстве Российской Федерации
Weitere Verfasser: Кузнецова О. Д. Ольга Дмитриевна, Шапкин И. Н. Игорь Николаевич, Квасов А. С. Александр Сергеевич, Пермякова Л. И. Лариса Ивановна
Zusammenfassung:Учебник отличается простотой изложения материала, беспристрастностью и глубиной анализа сложных проблем. В данном издании удачно сочетаются исторические факты и экономический анализ процессов развития экономики. Особое внимание уделяется сущностным экономическим процессам и особенностям их проявления в различных странах на важнейших этапах хозяйственного развития. Учебное издание поможет студентам усвоить экономическую терминологию, а также способствует развитию навыков «объёмного видения» социально-экономических процессов, необходимых для принятия грамотных решения на практике. Для студентов и аспирантов экономических специальностей.
Sprache:Russisch
Veröffentlicht: Москва, Юрайт, 2013
Ausgabe:2-е изд., перераб. и доп.
Schriftenreihe:Бакалавр. Базовый курс
Schlagworte:
Format: Buch
KOHA link:https://koha.lib.tpu.ru/cgi-bin/koha/opac-detail.pl?biblionumber=233979

MARC

LEADER 00000nam0a2200000 4500
001 233979
005 20231101231302.0
010 |a 9785991622462 
010 |a 978-5-9692-1398-2 
035 |a (RuTPU)RU\TPU\book\255063 
035 |a RU\TPU\book\196184 
090 |a 233979 
100 |a 20100531d2013 m y0rusy50 ca 
101 0 |a rus 
102 |a RU 
105 |a y j 001zy 
200 1 |a Экономическая история  |e учебник для бакалавров  |f О. Д. Кузнецова [и др.]  |g Российская экономическая академия им. Г. В. Плеханова (РЭА) ; Финансовый университет при Правительстве Российской Федерации 
205 |a 2-е изд., перераб. и доп. 
210 |a Москва  |c Юрайт  |c ИД Юрайт  |d 2013 
215 |a 537 с. 
225 1 |a Бакалавр. Базовый курс 
320 |a Библиогр.: с. 536-537. 
320 |a Глоссарий: с. 506-535. 
330 |a Учебник отличается простотой изложения материала, беспристрастностью и глубиной анализа сложных проблем. В данном издании удачно сочетаются исторические факты и экономический анализ процессов развития экономики. Особое внимание уделяется сущностным экономическим процессам и особенностям их проявления в различных странах на важнейших этапах хозяйственного развития. Учебное издание поможет студентам усвоить экономическую терминологию, а также способствует развитию навыков «объёмного видения» социально-экономических процессов, необходимых для принятия грамотных решения на практике. Для студентов и аспирантов экономических специальностей. 
606 1 |a Экономическая история  |2 stltpush  |3 (RuTPU)RU\TPU\subj\26578  |9 50473 
610 1 |a доиндустриальная экономика 
610 1 |a первобытное хозяйство 
610 1 |a Древний мир 
610 1 |a Древний Египет 
610 1 |a античность 
610 1 |a феодальная экономика 
610 1 |a Западная Европа 
610 1 |a Россия 
610 1 |a 17 век 
610 1 |a 18 век 
610 1 |a 19 век 
610 1 |a 20 век 
610 1 |a восточная модель 
610 1 |a Индия 
610 1 |a первоначальное накопление 
610 1 |a первоначальный капитал 
610 1 |a промышленный капитализм 
610 1 |a Англия 
610 1 |a Франция 
610 1 |a Германия 
610 1 |a Япония 
610 1 |a США 
610 1 |a монополистический капитализм 
610 1 |a либерально-демократическая модель 
610 1 |a тоталитарная модель 
610 1 |a регулируемый капитализм 
610 1 |a командно-административная система 
610 1 |a индустриализация 
610 1 |a постиндустриальная экономика 
610 1 |a научно-техническая революция 
610 1 |a экономические кризисы 
610 1 |a глобальная экономика 
610 1 |a экономическое развитие 
610 1 |a СССР 
610 1 |a народное хозяйство 
610 1 |a перестройка 
610 1 |a российская экономика 
610 1 |a 21 век 
610 1 |a учебники 
686 |a У03(0)я73  |v LBC/SL-A  |2 rubbk 
701 1 |a Кузнецова  |b О. Д.  |g Ольга Дмитриевна 
701 1 |a Шапкин  |b И. Н.  |g Игорь Николаевич 
701 1 |a Квасов  |b А. С.  |g Александр Сергеевич 
701 1 |a Пермякова  |b Л. И.  |g Лариса Ивановна 
712 0 2 |a Российская экономическая академия им. Г. В. Плеханова (РЭА)  |c (Москва)  |c (1991- )  |2 stltpush  |3 (RuTPU)RU\TPU\col\18 
712 0 2 |a Финансовый университет при Правительстве Российской Федерации  |c (Москва)  |c (2010- )  |2 stltpush  |3 (RuTPU)RU\TPU\col\17114  |9 26530 
801 1 |a RU  |b 63413507  |c 20130314 
801 2 |a RU  |b 63413507  |c 20150506  |g RCR 
900 |a Экономическая история 
942 |c BK 
951 |b 080100 
959 |a 45/20130225  |d 10  |e 349,00  |f ЧЗГЛ:1  |f АНЛ:1  |f УФ:8